Catálogo de los manuscritos reunidos por el príncipe Luis-Luciano Bonaparte que se hallan en el País Vasco, con un índice de nombres de personas, lugares, lenguas y dialectos, y un catálogo de publicaciones hechas por el mismo de algunos de los manuscritos, o referentes a ellos, que se hallan en las principales bibliotecas del País Vasco / (Record no. 189916)
[ view plain ]
| 000 -LEADER | |
|---|---|
| campo de control de longitud fija | 01721nam a2200289 i 4500 |
| 001 - NÚMERO DE CONTROL | |
| campo de control | 189916 |
| 003 - IDENTIFICADOR DE NÚMERO DE CONTROL | |
| campo de control | SpMaBN |
| 005 - FECHA Y HORA DE LA ÚLTIMA TRANSACCIÓN | |
| campo de control | 20251009164639.0 |
| 008 - DATOS DE LONGITUD FIJA--INFORMACIÓN GENERAL | |
| campo de control de longitud fija | 191226s1984 sp b |||| | spa d |
| 080 ## - NÚMERO DE LA CLASIFICACIÓN DECIMAL UNIVERSAL | |
| Número de la Clasificación Decimal Universal | 017.11(460.15) |
| 080 ## - NÚMERO DE LA CLASIFICACIÓN DECIMAL UNIVERSAL | |
| Número de la Clasificación Decimal Universal | 016:091 |
| 100 1# - ENTRADA PRINCIPAL--NOMBRE DE PERSONA | |
| Nombre de persona | González Echegaray, Carlos, |
| Fechas asociadas al nombre | 1921-2013 |
| 9 (RLIN) | 58608 |
| 245 10 - MENCIÓN DEL TÍTULO | |
| Título | Catálogo de los manuscritos reunidos por el príncipe Luis-Luciano Bonaparte que se hallan en el País Vasco, con un índice de nombres de personas, lugares, lenguas y dialectos, y un catálogo de publicaciones hechas por el mismo de algunos de los manuscritos, o referentes a ellos, que se hallan en las principales bibliotecas del País Vasco / |
| Mención de responsabilidad, etc. | por Carlos González Echegaray ; [prólogo por José Antonio Arana Martija]. |
| 246 34 - FORMA VARIANTE DEL TITULO | |
| Título propio/Titulo breve | Catálogo de los manuscritos de L.L. Bonaparte |
| 260 ## - PUBLICACIÓN, DISTRIBUCIÓN, ETC. | |
| Lugar de publicación, distribución, etc. | [Bilbao : |
| Nombre del editor, distribuidor, etc. | Real Academia de la Lengua Vasca, |
| Fecha de publicación, distribución, etc. | 1984] |
| 300 ## - DESCRIPCIÓN FÍSICA | |
| Extensión | P. 25-184 p. ; |
| Dimensiones | 24 cm. |
| 490 1# - MENCIÓN DE SERIE | |
| Mención de serie | Euskera: Euskaltzaindiaren Ian eta agiriak = Trabajos y actas de la Real Academia de la Lengua Vasca = Travaux et actes de l'Academie de la Langue Basque |
| 500 ## - NOTA GENERAL | |
| Nota general | Índices. |
| 595 ## - | |
| -- | Separata de la revista Euskera, n. 29 (1984,1) |
| 600 17 - PUNTO DE ACCESO ADICIONAL DE MATERIA--NOMBRE DE PERSONA | |
| Nombre de persona | Bonaparte, Louis-Lucien, |
| Fechas asociadas al nombre | 1813-1891- |
| Subdivisión general | Biblioteca- |
| Subdivisión de forma | Catálogos |
| Fuente del encabezamiento o término | |
| 9 (RLIN) | 169266 |
| 650 #7 - PUNTO DE ACCESO ADICIONAL DE MATERIA--TÉRMINO DE MATERIA | |
| Término de materia o nombre geográfico como elemento de entrada | Manuscritos- |
| Subdivisión de forma | Catálogos. |
| 9 (RLIN) | 136460 |
| 700 1# - ENTRADA AGREGADA--NOMBRE PERSONAL | |
| Nombre de persona | Arana Martija, José Antonio, |
| Fechas asociadas al nombre | 1931-2011 |
| 9 (RLIN) | 169267 |
| 710 2# - ENTRADA AGREGADA--NOMBRE DE ENTIDAD CORPORATIVA | |
| Nombre de entidad corporativa o nombre de jurisdicción como elemento de entrada | Real Academia de la Lengua Vasca. |
| 9 (RLIN) | 6316 |
| 830 0# - PUNTO DE ACCESO ADICIONAL DE SERIE-TÍTULO UNIFORME | |
| Título uniforme | Euskera: Euskaltzaindiaren Ian eta agiriak = Trabajos y actas de la Real Academia de la Lengua Vasca = Travaux et actes de l'Academie de la Langue Basque |
| 9 (RLIN) | 225868 |
| 852 ## - LOCALIZACIÓN | |
| Ubicación | ES-MaACL |
| Número de control de estantería | L-32499 |
| Nota libre | . - Donat. Viuda Antonio Tovar |
| Estatus retirado | Estado de pérdida | Estado de daño | No para préstamo | Biblioteca de origen | Biblioteca actual | Ubicación en estantería | Fecha de adquisición | Fuente de adquisición | Total de préstamos | Signatura topográfica completa | Código de barras | Visto por última vez | Precio de reemplazo | Tipo de ítem Koha |
|---|---|---|---|---|---|---|---|---|---|---|---|---|---|---|
| Biblioteca del Ateneo de Madrid | Biblioteca del Ateneo de Madrid | Depósito 2 | 26/12/2019 | L-32499 | 1201451 | 23/02/2023 | 23/02/2023 | Libro impreso |
